| 000 | 00838nas a2200289 4500 | ||
|---|---|---|---|
| 001 | BR0403782 | ||
| 003 | BR-BrBNA | ||
| 005 | 20231205104748.0 | ||
| 007 | ta | ||
| 008 | 230509b bl.|||p| |||| 00| 00por d | ||
| 040 |
_aBR-BrBNA _bpor _cBiblioteca Nacional de Agricultura |
||
| 041 | _a(Pt) | ||
| 072 | _aQ04 | ||
| 100 | 1 | _aSaldanha, T. | |
| 100 | 1 | _aGaspar, A. | |
| 100 | 1 | _aSantana, D.M. da N. | |
| 245 | 1 | _aComposição centesimal da carne de escargot (Achatina fulica)criado em Iguape, SP | |
| 650 | _aESCARGOT | ||
| 650 | _aCARNE | ||
| 650 | _aÁCIDO GRAXO | ||
| 650 | _aCOLESTEROL | ||
| 650 | _aCOMPOSIÇÃO QUÍMICA | ||
| 650 | _aSÃO PAULO | ||
| 773 | 0 |
_tHigiene Alimentar (Brazil) _xISSN 0101-9171 _g(Jun 2001), v. 15(85) p. 69-74 _wBR0403782 |
|
| 909 |
_a202311 _bLúcia _c55 _dLúcia Elande |
||
| 942 |
_2AGRIS _n0 _cANA |
||
| 999 |
_c179584 _d179584 |
||